00286nam a2200133Ia 45000030006000000080041000060400015000471000020000622450022000822500010001042600009001145460012001230050017001350STCL150530s9999 xx 000 0 und d aSTCLcSTCL aJagadisan, T.N. aMy master Gokhale aFirst c1946 aEnglish20220125170630.0